000 01114nam a2200301 i 4500
003 EG-ScBUE
005 20260203111018.0
008 210923s2023 ua f 000 f ara d
017 _a2022 / 25304
020 _a9789778063240
040 _aEG-ScBUE
_bara
_erda
_cEG-ScBUE
_dEG-ScBUE
082 0 4 _a‪892.746
_bم ر س
_222
100 1 _aالمرسي، أحمد،
_eمؤلف.
245 1 0 _aمقامرة على شرف الليدي ميتسي :
_bرواية /
_cأحمد المرسي.
250 _aالطبعة العربية الأولى.
264 1 _aالقاهرة :
_bدار دون للنشر والتوزيع،
_c2023.
300 _a350 صفحة ؛
_c24 سم
336 _2rdacontent
_aنص
_btxt
337 _2rdamedia
_aبدون وسيط
_bn
338 _2rdacarrier
_aمجلد
_bnc
500 _aالجائزة العالمية للرواية العربية.
541 _aBook Fair 2026.
650 7 _aالقصص العربية
_yقرن 21.
_2BUEsh
650 7 _aالأدب العربي
_yقرن 21.
_vBUEsh
653 _aBUEsh
_bARALIT
_cFebruary2026
655 7 _2BUEsh
_vReading book
942 _2ddc
999 _c31076
_d31047